<?xml version="1.0" encoding="UTF-8"?>
<collection xmlns="http://www.loc.gov/MARC21/slim">
 <record>
  <leader>00690cam a2200217 7i4500</leader>
  <controlfield tag="001">0000054350</controlfield>
  <controlfield tag="005">20220302090000.0</controlfield>
  <controlfield tag="008">171030s2014                eng  </controlfield>
  <datafield tag="020" ind1=" " ind2=" ">
   <subfield code="a">9781466596092 (hbk) </subfield>
  </datafield>
  <datafield tag="040" ind1=" " ind2=" ">
   <subfield code="a">TSAM</subfield>
  </datafield>
  <datafield tag="090" ind1="0" ind2="0">
   <subfield code="a">HD38.7 </subfield>
   <subfield code="b">BUS 2014</subfield>
  </datafield>
  <datafield tag="245" ind1="1" ind2="0">
   <subfield code="a">Business analytics : </subfield>
   <subfield code="b">an introduction  </subfield>
   <subfield code="c">edited by Jay Liebowitz.</subfield>
  </datafield>
  <datafield tag="264" ind1=" " ind2="1">
   <subfield code="a">Boca Raton, FL: </subfield>
   <subfield code="b">CRC Press, </subfield>
   <subfield code="c">2014.</subfield>
  </datafield>
  <datafield tag="300" ind1=" " ind2=" ">
   <subfield code="a">x, 276 pages: </subfield>
   <subfield code="b">illustrations; </subfield>
   <subfield code="c">24 cm.</subfield>
  </datafield>
  <datafield tag="336" ind1=" " ind2=" ">
   <subfield code="a">text</subfield>
   <subfield code="2">rdacontent</subfield>
  </datafield>
  <datafield tag="337" ind1=" " ind2=" ">
   <subfield code="a">unmediated</subfield>
   <subfield code="2">rdamedia</subfield>
  </datafield>
  <datafield tag="338" ind1=" " ind2=" ">
   <subfield code="a">volume</subfield>
   <subfield code="2">rdacarrier</subfield>
  </datafield>
  <datafield tag="500" ind1="0" ind2="0">
   <subfield code="a">Includes bibliographies and index</subfield>
  </datafield>
  <datafield tag="650" ind1="1" ind2="0">
   <subfield code="a">Business intelligence </subfield>
  </datafield>
  <datafield tag="700" ind1="1" ind2=" ">
   <subfield code="a">Liebowitz, Jay Jay </subfield>
  </datafield>
  <datafield tag="901" ind1=" " ind2=" ">
   <subfield code="u">http://www.auerbach-publications.com</subfield>
  </datafield>
 </record>
</collection>
